Kapitalizm czy Socjalizm? - Statystyki

Ogólne statystyki
  • Ten quiz został rozwiązany 47 razy
  • Średni wynik to 13 z 15
Statystyki odpowiedzi
Zagadnienie Odpowiedź % Poprawnych
Wyższość indywidualizmu nad kolektywizmem Kapitalizm
100%
Państwo jako opiekun obywateli Socjalizm
100%
Opiera się na zasadach solidaryzmu społecznego Socjalizm
100%
Transakcje odbywają się na wolnym rynku, charakteryzując się brakiem przymusowości Kapitalizm
98%
Ograniczona interwencja państwa w gospodarkę Kapitalizm
98%
System oparty jest całkowicie lub w większości na prywatnej własności Kapitalizm
95%
Nierówności uważane są w tym systemie za naturalne Kapitalizm
95%
System gospodarczy Stanów Zjednoczonych w XIX wieku Kapitalizm
95%
Wspieranie najuboższych świadczeniami socjalnymi Socjalizm
93%
Promowanie idei "Człowieka pracy" Socjalizm
91%
Wspiera związki zawodowe Socjalizm
79%
Władza zdecentralizowana jako podstawa ustroju politycznego Kapitalizm
67%
Bliski idei merkantylizmu Socjalizm
60%
Progresywne stawki podatkowe Socjalizm
56%
Państwo postrzegane jako "Stróż nocny" Kapitalizm
35%
Nie znaleziono quizów pasujących do podanych kryteriów
Rozkład punktacji
Procent ludzi z każdym wynikiem
Percentyl według liczby udzielonych odpowiedzi
Twoja historia wyników
Nie rozwiązałeś tego quizu